Обзор аварийности на ГМК "Норникель"; Экология и безопасность в техносфере: современные проблемы и пути решения

書誌詳細
Parent link:Экология и безопасность в техносфере: современные проблемы и пути решения.— 2018.— [365-368]
第一著者: Зиновьев В. С.
団体著者: Национальный исследовательский Томский политехнический университет (ТПУ) Юргинский технологический институт (филиал) (ЮТИ) Отделение техносферной безопасности (ОТБ)
その他の著者: Луговцова Н. Ю. Наталья Юрьевна
要約:Заглавие с экрана
В статье описана проблема аварийности на ГМК "Норникель", проведен обзор наиболее опасных аварий. Рассмотрены основные причины аварийности и методы борьбы с ней.
The article describes the problem of accidents at MMC "Norilsk Nickel", a review of the most dangerous accidents. The main causes of accidents and methods of dealing with it are considered.
言語:ロシア語
出版事項: 2018
シリーズ:Современные технологии ликвидации ЧС и техническое обеспечение аварийно-спасательных работ
主題:
オンライン・アクセス:http://earchive.tpu.ru/handle/11683/52075
フォーマット: MixedMaterials 電子媒体 図書の章
KOHA link:https://koha.lib.tpu.ru/cgi-bin/koha/opac-detail.pl?biblionumber=628718

MARC

LEADER 00000naa2a2200000 4500
001 628718
005 20240116105840.0
035 |a (RuTPU)RU\TPU\conf\28988 
035 |a RU\TPU\conf\28981 
090 |a 628718 
100 |a 20181207d2018 k y0rusy50 ca 
101 0 |a rus 
102 |a RU 
105 |a y z 101zy 
135 |a drcn ---uucaa 
181 0 |a i  
182 0 |a b 
200 1 |a Обзор аварийности на ГМК "Норникель"  |f В. С. Зиновьев, Н. Ю. Луговцова 
203 |a Текст  |c электронный 
225 1 |a Современные технологии ликвидации ЧС и техническое обеспечение аварийно-спасательных работ 
300 |a Заглавие с экрана 
320 |a [Библиогр.: с. 368 (2 назв.)] 
330 |a В статье описана проблема аварийности на ГМК "Норникель", проведен обзор наиболее опасных аварий. Рассмотрены основные причины аварийности и методы борьбы с ней. 
330 |a The article describes the problem of accidents at MMC "Norilsk Nickel", a review of the most dangerous accidents. The main causes of accidents and methods of dealing with it are considered. 
463 0 |0 (RuTPU)RU\TPU\conf\28690  |t Экология и безопасность в техносфере: современные проблемы и пути решения  |o сборник трудов Всероссийской научно-практической конференции молодых ученых, аспирантов и студентов, г. Юрга, 22-24 ноября 2018 г.  |f Национальный исследовательский Томский политехнический университет (ТПУ), Юргинский технологический институт (ЮТИ) ; под ред. Д. А. Чинахова  |v [365-368]  |d 2018 
610 1 |a электронный ресурс 
610 1 |a труды учёных ТПУ 
610 1 |a аварийность 
610 1 |a Норильский никель 
610 1 |a промышленная безопасность 
610 1 |a охрана труда 
610 1 |a аварийные ситуации 
610 1 |a травматизм 
610 1 |a несчастные случаи 
700 1 |a Зиновьев  |b В. С. 
701 1 |a Луговцова  |b Н. Ю.  |c специалист в области экологии и безопасности жизнедеятельности  |c старший преподаватель Юргинского технологического института (филиала) Томского политехнического университета  |f 1983-  |g Наталья Юрьевна  |3 (RuTPU)RU\TPU\pers\29709  |9 14203 
712 0 2 |a Национальный исследовательский Томский политехнический университет (ТПУ)  |b Юргинский технологический институт (филиал) (ЮТИ)  |b Отделение техносферной безопасности (ОТБ)  |3 (RuTPU)RU\TPU\col\24897 
801 2 |a RU  |b 63413507  |c 20181210  |g RCR 
856 4 |u http://earchive.tpu.ru/handle/11683/52075 
942 |c BK